000 00502nam a22001457a 4500
003 0
005 20230626092151.0
008 230626b xxu||||| |||| 00| 0 eng d
050 _aQA 76.59
_b.B36 2022
245 _aISA: a mobile-based system application on invoice monitoring for Beleron Enterprises
_cBantolo, Aubrey Juliet L.
260 _aLas PiƱas City
_bSouthville International School and Colleges
_cC2022
300 _axiii, unpaged
_c28cm.
500 _aMobile application.
942 _2lcc
_cTH
999 _c365096
_d365096